LEADER 01001nam a2200229 i 4500 001 000000034861 003 CaOOAMICUS 005 20070528000000.0 008 070528s1965 it u000 u ita u 013 $a2096 040 $aSeMil$bita 100 1 $aDalla Palma, Sisto <1932-2010>.$0(OLS)http://semarc/name/16058 245 13$aLa sacra rappresentazione di Lorenzo il Magnifico /$cSisto Dalla Palma. 260 $aMilano :$bVita e Pensiero,$c1965. 300 $a327 p. ;$c21 cm. 600 14$aLorenzo : de' Medici .$0(OLS)http://semarc/subject/6091 650 4$aLetteratura religiosa.$0(OLS)http://semarc/subject/5410 650 4$aSacra rappresentazione.$0(OLS)http://semarc/subject/6092 850 $aSeMil 852 $aSeMil$W1$xVenegono$y1$m1O II 306$j235959$B1016$CSeMilBibl$Z2$F1016 $81 996 $6245$aLa sacra rappresentazione di Lorenzo il Magnifico$9(OLS)http://semarc/title/47374 996 $6260$aMilano :$bVita e Pensiero$9(OLS)http://semarc/publisher/29642 LEADER 00895nam a2200217 i 4500 001 000000035491 003 CaOOAMICUS 005 19931231000000.0 008 931231n it u000 u ita u 013 $a3845 020 $a8823780306 040 $aSeMil$bita 100 1 $aBuzzetti, Carlo,$d<1943-2011>.$0(OLS)http://semarc/name/16544 245 10$aDizionario base del Nuovo Testamento :$bgreco-italiano. 650 4$aLingua greca biblica - Dizionari, vocabolari, glossari, etc.$0(OLS)http://semarc/subject/662 700 1 $aCorsani, Bruno,$d<1924-2008>.$0(OLS)http://semarc/name/841 850 $aSeMil 852 $aSeMil$W1$xVenegono$y1$mSL1.R VI 20$j1646$B1646$CSeMilBibl$Z2$F1646 $8I 961 $aAcquisto: Casa editrice 996 $6020$a8823780306$9(OLS)http://semarc/number/3747 996 $6245$aDizionario base del Nuovo Testamento :$bgreco-italiano$9(OLS)http://semarc/title/48617